| 000 | 00595nam a22001817a 4500 | ||
|---|---|---|---|
| 999 |
_c7384 _d7384 |
||
| 005 | 20211021133121.0 | ||
| 008 | 211021b ||||| |||| 00| 0 eng d | ||
| 020 | _a9788417611675 | ||
| 040 |
_aCDMR _c0 |
||
| 100 | 1 |
_92519 _aMicó, Josep Lluís |
|
| 245 |
_aTitulars i reserves : _bcròniques entre la derrota i la remuntada / _cJosep Lluís Micó ; pròleg d'Albert Sáez |
||
| 260 |
_aBarcelona: _bSaldonar, _c2021 |
||
| 300 | _a297 pàgines | ||
| 650 | 0 |
_9797 _aReportatges literaris |
|
| 650 | 0 |
_93088 _aPeriodisme i literatura |
|
| 700 | 1 |
_93393 _aSáez i Casas, Albert |
|
| 942 |
_2udc _cMON |
||